00964nam a2200181 a 450000100100000000500170001000800410002704000250006811101020009324500700019526001190026530000200038459000250040495201200042995201050054995201110065499900170076500003931320201002031606.0130621s2012 dr r 000 0 spa d aDO-SdBNPbspacBNPHU2 aConvención sobre los derechos de las personas con discapacidad.d(2007 :cSanto Domingo)96550410aConvención sobre los derechos de las personas con discapacidad. aSanto Domingo :bOrganización de las Naciones Unidas (ONU)bConsejo Nacional sobre Discapacida (CONADIS),c2012. a39 P. ;c29 cm. aIventariado, 2019/BT 001054708DSaGRbGRcHDd2018-10-15iLF1l0o p39313-30r2020-06-25te. 3w2020-06-25yLFDSZPréstamo en sala 0010718PDaPDbPDcHDd2013-06-21iLF1l0o p39313-10r2020-06-25w2020-06-25yLFPDZNo se presta 0010718PDaPDbPDcHDd2013-06-21iLF1l0o p39313-20r2020-06-25te. 2w2020-06-25yLFPDZNo se presta c38803d38803